000 00806nam a22002177a 4500
999 _c11038
_d11038
003 AR-CdUCM
008 190402b ||||| |||| 00| 0 spa d
040 _aMUNICIPALIDAD PROVINCIAL DEL CUSCO
_cBIBLIOTECA MUNICIPAL DEL CUSCO
082 _a335.49 /
_bA65
100 _aAraquistain, Luis
_928163
245 _aEl derrumbe del socialismo alemán :
_buna lección de historia /
260 _aBuenos Aires :
_bClaridad,
300 _a93 páginas ;
_c16 cm.
440 _aManuales de cultura marxista ;
_928164
505 _aContenido: El derrumbe del socialismo alemán -- El objeto alemán -- Lo que enseña la derrota de la socialdemocracia alemana.
650 _aSocialismo alemán
_928165
650 _aSocialdemocracia
_928166
650 _aCapitalismo
_93221
942 _2ddc
_cLIBROS
945 _aacv